Hidráulica: mecánica elemental de fluidos

Saved in:
Bibliographic Details
Main Author: Rouse, Hunter (Author)
Format: Book
Language:Spanish
Published: Buenos Aires Dossat 1951
Subjects:
Tags: Add Tag
No Tags, Be the first to tag this record!

MARC

LEADER 00000nam a2200000 a 4500
001 UCV4088
003 CL-VaPUC
008 890824e19510000AG |||||||||||||||||spa|d
082 0 4 |a 532  |b ROU  |2 21 
100 0 |a Rouse, Hunter  |e author  |9 298439 
245 1 0 |a Hidráulica: mecánica elemental de fluidos 
300 |a 337 p 
942 |c BK 
945 |d 19890824 00:00:00 
260 |a Buenos Aires  |b Dossat  |c 1951 
650 0 |a Hidráulica   |9 260193 
650 0 |a Mecánica de fluidos   |9 259464 
583 |a last modification  |c 19890824 00:00:00  |k Rodrigo Vera 
999 |c 211097  |d 211095 
952 |0 0  |1 0  |4 0  |6 532_000000000000000_ROU_1951  |7 0  |8 A  |9 188969  |a BIBING  |b BIBING  |d 2019-11-14  |i 1654128  |o 532 ROU 1951  |p 1654128  |r 2025-01-20  |w 2019-11-14  |y BK  |k ING